000 00760nam a2200229 a 4500
005 20210223130638.0
008 080926s1990 mx r 000 0 spa d
035 _aUPN01000161015
049 _aUNE
080 _a374.7 (85) AYZ.
100 1 _aAyzanoa del Carpio, Gerardo
_931936
245 1 0 _aDiagnostico de educación de adultos en el Perú /
_cGerardo Ayzanoa del Carpio.
260 _aParís :
_bUNESCO,
_c1990.
300 _a17 p. ;
_bfot.
440 0 _aED.90/CPA.401/DP.1/17
690 _aEducacion de adultos- Peru
690 _aAnalfabetismo- Peru
690 _aPeru- Educacion de adultos
710 2 _aUNESCO
711 2 _aCongreso Internacional "Planeamiento y Gestión del Desarrollo de la Educación", 1990 : México.
905 _aUNESCO
999 _c133128
_d133128